UBT Library

Intermediate accounting / (Record no. 1170)

000 -LEADER
fixed length control field 00562nam a22002057a 4500
008 - FIXED-LENGTH DATA ELEMENTS--GENERAL INFORMATION
fixed length control field 150923b xxu||||| |||| 00| 0 eng d
020 ## - INTERNATIONAL STANDARD BOOK NUMBER
International Standard Book Number 0471426393
041 0# - LANGUAGE CODE
Language code of text/sound track or separate title eng
080 ## - UNIVERSAL DECIMAL CLASSIFICATION NUMBER
Universal Decimal Classification number 657
100 1# - Rafti
Rafti Kieso, Donald E.
245 10 - TITLE STATEMENT
Title Intermediate accounting /
Statement of responsibility, etc Donald E. Kieso, Jerry J. Weygandt, Terry D. Warfield.
250 ## -
-- 11th ed.
260 ## -
-- New York :
-- J. Wiley,
-- 2004.
300 ## -
-- 2 v. :
-- me il.;
-- 29 cm.
490 ## -
-- Volume I
650 #0 -
-- Kontabilitet
700 1# -
-- Weygandt, Jerry J.
700 1# -
-- Warfield, Terry D.
942 ## - ADDED ENTRY ELEMENTS (KOHA)
Source of classification or shelving scheme
Item type Books
Holdings
Withdrawn status Lost status Source of classification or shelving scheme Damaged status Not for loan Collection code Permanent location Current location Shelving location Date acquired Total Checkouts Full call number Barcode Date last seen Price effective from Koha item type
          Koleksioni i përgjithshem UBT - Lipjan UBT - Lipjan Koleksioni i përgjithshem 09/23/2015   657 KIE 002-007666 09/23/2015 09/23/2015 Books
          Koleksioni i përgjithshem UBT - Lipjan UBT - Lipjan Koleksioni i përgjithshem 08/27/2018   657.044 KIE 002-3011505 08/27/2018 08/27/2018 Books
UBT Library © 2015-2024. All rights reserved University Education for Business and Technology